Kroky (a krôčky) k náprave Z II. celoslovenskej konferencie Únie zubných technikov.

Bibliographic Details
Main Author: Paličková, M. (Author)
Corporate Author: Únia zubných technikov (Author)
Format: Article
Language:Slovak
Subjects:

MARC

LEADER 00000nab a2200000 a 4500
001 vtls000913894
003 SK-MaSNL
005 20260302173903.0
008 151119e19910513xo 0 slo
035 |a KE22790 
040 |a KEVKJB  |b slo  |c KEVKJB  |e AACR2 
041 0 |a slo 
044 |a xo  |c SK 
080 |a 616.31  |2 1981 
080 |a 061.3  |2 1981 
100 1 |a Paličková, M.  |4 aut  |9 880994 
245 1 0 |a Kroky (a krôčky) k náprave  |b Z II. celoslovenskej konferencie Únie zubných technikov. 
610 2 7 |a Únia zubných technikov  |2 KEVKJB  |9 229953 
650 0 7 |a zdravotníctvo  |2 KEVKJB  |9 1269 
650 0 7 |a konferencie celoslovenské  |2 KEVKJB  |9 882586 
650 0 7 |a priebeh  |2 KEVKJB  |9 29559 
650 0 7 |a informácie rozšírené  |2 KEVKJB  |9 882587 
651 7 |a Košice (Slovensko)  |2 KEVKJB  |9 18694 
710 2 |a Únia zubných technikov  |4 aut  |9 229953 
773 0 8 |t Zdravotnícke noviny  |g Roč. 40, č.20, 13.5.1991, s. 5 
852 |a ZVYKNI  |b KIS3GCP 
999 |c 1402575  |d 1404505